Normal view MARC view
  • Business enterprises

Entry Topical Term

Number of records used in: 3

001 - CONTROL NUMBER

  • control field: 6818

003 - CONTROL NUMBER IDENTIFIER

  • control field: NUST

005 - DATE AND TIME OF LATEST TRANSACTION

  • control field: 20171128102958.0

008 - FIXED-LENGTH DATA ELEMENTS

  • fixed length control field: 171128|| aca||aabn | a|a d

040 ## - CATALOGING SOURCE

  • Original cataloging agency: NUST
  • Transcribing agency: NUST

150 ## - HEADING--TOPICAL TERM

  • Topical term or geographic name entry element: Business enterprises
  • Geographic subdivision: Pakistan
  • Geographic subdivision: Chiniot.

670 ## - SOURCE DATA FOUND

  • Source citation: Work cat.: (NUST)0: 880-01 S̲āqib, Muḥammad Amjad, author. 6816, Kāmʹyāb log :
© 2023 Central Library, National University of Sciences and Technology. All Rights Reserved.